Vista normal
Vista MARC
Entrada Personal Name
Número de registros utilizados en: 1
001 - CONTROL NUMBER
- control field: 10735
003 - CONTROL NUMBER IDENTIFIER
- control field: DLC
005 - DATE AND TIME OF LATEST TRANSACTION
- control field: 20221018095118.0
008 - FIXED-LENGTH DATA ELEMENTS
- fixed length control field: 020408n| azannaabn |a aaa c
010 ## - LIBRARY OF CONGRESS CONTROL NUMBER
- LC control number: no2002029241
035 ## - SYSTEM CONTROL NUMBER
- System control number: (OCoLC)oca05732177
040 ## - CATALOGING SOURCE
- Original cataloging agency: TxCM
- Language of cataloging: spa
- Description conventions: rda
- Transcribing agency: Mx-PuUPA
- Modifying agency: DLC
- Modifying agency: ICrlF
- Modifying agency: Mx-PuUPA
046 ## - SPECIAL CODED DATES
- Birth date: 1951
- Source of date scheme: edtf
053 #0 - LC CLASSIFICATION NUMBER
- Classification number element--single number or beginning number of span: PQ6663.O853
100 1# - HEADING--PERSONAL NAME
- Personal name: Moure, Gonzalo,
- Dates associated with a name: 1951-
370 ## - ASSOCIATED PLACE
- Place of birth: Valencia (España)
- Source of term: naf
372 ## - FIELD OF ACTIVITY
- Field of activity: Literatura infantil
- Source of term: lcsh
374 ## - OCCUPATION
- Occupation: Autor
- Source of term: lcsh
375 ## - GENDER
- Gender: hombre
- Source of term: lcsh
377 ## - ASSOCIATED LANGUAGE
- Language code: spa
378 ## - FULLER FORM OF PERSONAL NAME
- Fuller form of personal name: Gonzalo Moure Trénor
400 1# - SEE FROM TRACING--PERSONAL NAME
- Personal name: Moure Trénor, Gonzalo,
- Dates associated with a name: 1951-
400 1# - SEE FROM TRACING--PERSONAL NAME
- Personal name: Trénor, Gonzalo Moure,
- Dates associated with a name: 1951-
670 ## - SOURCE DATA FOUND
- Source citation: El oso que leía niños, c2000:
- Information found: t.p. (Gonzalo Moure)
670 ## - SOURCE DATA FOUND
- Source citation: OCLC, Apr. 6, 2002
- Information found: (hdg.: Moure, Gonzalo, Moure, Gonzalo, 1951- ; usage: Gonzalo Moure)
670 ## - SOURCE DATA FOUND
- Source citation: Wikipedia, June 22, 2016
- Information found: (Gonzalo Moure Trénor ; Valencia, 1951 ; is a Spanish writer ; children's literature)